00639nam a22002057a 450000500170000001000130001702000230003003500130005303700160006604000120008208200130009410000260010724500900013326000420022327000560026530000210032150000190034265000430036165000290040420170124110157.0 aB-058663 c375.00a8170003164 aB-058663 bCen Lib/Ret aDPLbEN a028bLAL aLaloo, Bikika Tariang aInformation needs, information seeking behaviour and users /cby Bikika Tariang Laloo aNew DelhibEss Ess Publicationsc2002 a4837/24, Ansari Road, Darya GanjbNew Delhie110002 a150p. c19cm(Hb) aIncludes index aInformation services -- User education aInformation organization